Town gardens : (Record no. 1862)

MARC details
000 -LEADER
fixed length control field 01330cam a22003977a 4500
001 - CONTROL NUMBER
control field data
005 - DATE AND TIME OF LATEST TRANSACTION
control field 20260322212121.0
008 - FIXED-LENGTH DATA ELEMENTS--GENERAL INFORMATION
fixed length control field data
035 ## - SYSTEM CONTROL NUMBER
System control number 12236992
010 ## - LIBRARY OF CONGRESS CONTROL NUMBER
LC control number 00456445
015 ## - NATIONAL BIBLIOGRAPHY NUMBER
National bibliography number GB92-Z9208
020 ## - INTERNATIONAL STANDARD BOOK NUMBER
International Standard Book Number 1850293600
020 ## - INTERNATIONAL STANDARD BOOK NUMBER
International Standard Book Number 1850293600
Qualifying information hard
020 ## - INTERNATIONAL STANDARD BOOK NUMBER
International Standard Book Number 9781850293606
020 ## - INTERNATIONAL STANDARD BOOK NUMBER
International Standard Book Number 9781850293606
Qualifying information (hard)
035 ## - SYSTEM CONTROL NUMBER
System control number (CStRLIN)HKCG94-B56291
040 ## - CATALOGING SOURCE
Original cataloging agency Uk/Whitaker
Transcribing agency DLC
Modifying agency DLC
-- DLC
050 00 - LIBRARY OF CONGRESS CALL NUMBER
Classification number SB453
Item number .S68397 2000
082 00 - DEWEY DECIMAL CLASSIFICATION NUMBER
Classification number 635
Edition information 21
100 1# - MAIN ENTRY--PERSONAL NAME
Personal name Stevens, David,
Dates associated with a name 1943-
245 10 - TITLE STATEMENT
Title Town gardens :
Remainder of title successful gardening in one hour a week /
Statement of responsibility, etc. David Stevens.
250 ## - EDITION STATEMENT
Edition statement New ed.
260 ## - PUBLICATION, DISTRIBUTION, ETC.
Name of publisher, distributor, etc. Conran Octopus,
-- Conran Octopus,
Date of publication, distribution, etc. 2000.
300 ## - PHYSICAL DESCRIPTION
Extent 144 p. :
Other physical details ill. ;
Dimensions 28 cm.
336 ## - CONTENT TYPE
Content type term text
Content type code txt
Source rdacontent
337 ## - MEDIA TYPE
Media type term unmediated
Media type code n
Source rdamedia
338 ## - CARRIER TYPE
Carrier type term volume
Carrier type code nc
Source rdacarrier
650 #0 - SUBJECT ADDED ENTRY--TOPICAL TERM
Topical term or geographic name entry element Gardening.
650 #0 - SUBJECT ADDED ENTRY--TOPICAL TERM
Topical term or geographic name entry element Container gardening.
653 0# - INDEX TERM--UNCONTROLLED
Uncontrolled term Gardening
856 42 - ELECTRONIC LOCATION AND ACCESS
Materials specified Publisher description
Uniform Resource Identifier <a href="http://www.loc.gov/catdir/description/ste022/00456445.html">http://www.loc.gov/catdir/description/ste022/00456445.html</a>
906 ## - LOCAL DATA ELEMENT F, LDF (RLIN)
a 7
b cbc
c copycat
d 2
e ncip
f 20
g y-gencatlg
925 0# -
-- acquire
-- 2 shelf copies
-- policy default
Holdings
Withdrawn status Lost status Damaged status Not for loan Home library Current library Shelving location Date acquired Total checkouts Full call number Barcode Date last seen Price effective from Koha item type
        Centerville Centerville General stacks 22/03/2026   635 LOC-CPL-00030 22/03/2026 22/03/2026 Books